| 000 | 00416nam a22001457a 4500 | ||
|---|---|---|---|
| 020 | _a9780131216334 | ||
| 040 | _cNust | ||
| 082 |
_a621-MEC _bBOL |
||
| 100 |
_aW. Bolton _9124705 |
||
| 245 |
_aMechatronics _bElectronic control systems in mechanical and electrical engineering |
||
| 250 | _a3rd Edition | ||
| 260 |
_aHarlow: _bPearson education services Inc, _c2003. |
||
| 650 | _aMechatronics | ||
| 942 |
_2ddc _cBK |
||
| 999 |
_c610510 _d610510 |
||